Fantasy Football 2022 Weekly WR1 - Statistics

General Stats
  • This quiz has been taken 16 times
  • The average score is 14 of 18
Answer Stats
Week Points WR % Correct
6 32.2 Ja'Marr Chase
100%
7 33 Ja'Marr Chase
100%
1 39.4 Justin Jefferson
100%
4 31 Justin Jefferson
100%
12 29.3 Justin Jefferson
100%
14 33.3 Justin Jefferson
100%
9 36.6 Davante Adams
85%
11 33.1 Davante Adams
85%
13 37.7 Davante Adams
85%
8 39.6 A.J. Brown
77%
10 38 Ceedee Lamb
69%
16 34 Ceedee Lamb
69%
2 44.8 Stefon Diggs
69%
17 48.7 Mike Evans
62%
3 30.9 Devonta Smith
54%
5 32.1 Gabriel Davis
54%
18 30.2 Keenan Allen
46%
15 34.9 Zay Jones
23%
No matching quizzes found
Score Distribution
Percent of People with Each Score
Percentile by Number Answered
Your Score History
You have not taken this quiz